[Event "Landsturneringen 2017"]
[Site "Clarion Energy Hotel, Stavanger"]
[Date "2017.07.03"]
[Round "4"]
[White "Ranaldi, Lucas"]
[Black "Sjøberg, Isak"]
[Result "1-0"]
[WhiteElo "2269"]
[BlackElo "2076"]
[PlyCount "97"]

1. Nf3 {[%clk 1:30:59]} Nf6 {[%clk 1:29:37]} 2. c4 {[%clk 1:31:24]} g6
{[%clk 1:29:45]} 3. Nc3 {[%clk 1:31:49]} Bg7 {[%clk 1:30:02]} 4. d4
{[%clk 1:32:12]} O-O {[%clk 1:29:31]} 5. Bg5 {[%clk 1:32:25]} d6 {[%clk 1:29:29]}
6. e3 {[%clk 1:32:49]} c5 {[%clk 1:27:37]} 7. d5 {[%clk 1:32:56]} h6
{[%clk 1:26:24]} 8. Bh4 {[%clk 1:33:21]} Bf5 {[%clk 1:26:36]} 9. Bd3
{[%clk 1:31:08]} Qb6 {[%clk 1:20:29]} 10. Rb1 {[%clk 1:29:38]} Bxd3
{[%clk 1:14:58]} 11. Qxd3 {[%clk 1:30:01]} Nbd7 {[%clk 1:14:14]} 12. h3
{[%clk 1:25:09]} g5 {[%clk 1:08:41]} 13. Bg3 {[%clk 1:25:21]} Nh5
{[%clk 1:07:59]} 14. Bh2 {[%clk 1:22:33]} f5 {[%clk 1:07:25]} 15. Nd2
{[%clk 1:12:17]} Rf7 {[%clk 0:42:27]} 16. g4 {[%clk 1:06:38]} fxg4
{[%clk 0:38:27]} 17. hxg4 {[%clk 1:06:37]} Nhf6 {[%clk 0:38:39]} 18. f3
{[%clk 1:05:40]} Re8 {[%clk 0:36:20]} 19. O-O {[%clk 0:59:39]} e6
{[%clk 0:33:28]} 20. dxe6 {[%clk 0:49:24]} Rxe6 {[%clk 0:33:48]} 21. b3
{[%clk 0:45:18]} Qa5 {[%clk 0:19:35]} 22. Rbc1 {[%clk 0:31:02]} Ne8
{[%clk 0:14:37]} 23. Nde4 {[%clk 0:29:37]} Ne5 {[%clk 0:14:11]} 24. Qe2
{[%clk 0:25:18]} a6 {[%clk 0:13:21]} 25. Bxe5 {[%clk 0:18:52]} Bxe5
{[%clk 0:13:32]} 26. Nd5 {[%clk 0:19:01]} Nc7 {[%clk 0:09:03]} 27. Nxc7
{[%clk 0:18:38]} Qxc7 {[%clk 0:09:19]} 28. Rcd1 {[%clk 0:18:03]} Qc6
{[%clk 0:08:24]} 29. Kg2 {[%clk 0:16:48]} b5 {[%clk 0:08:23]} 30. Qd3
{[%clk 0:13:51]} Kh8 {[%clk 0:06:52]} 31. Rh1 {[%clk 0:13:16]} Kg8
{[%clk 0:07:12]} 32. Rh3 {[%clk 0:09:42]} Rd7 {[%clk 0:06:52]} 33. Rhh1
{[%clk 0:07:46]} Rf7 {[%clk 0:07:18]} 34. Rb1 {[%clk 0:06:19]} b4
{[%clk 0:05:48]} 35. Qd5 {[%clk 0:04:12]} Qxd5 {[%clk 0:05:10]} 36. cxd5
{[%clk 0:04:41]} Rg6 {[%clk 0:05:39]} 37. Nd2 {[%clk 0:04:22]} Rgf6
{[%clk 0:05:13]} 38. Rbf1 {[%clk 0:04:05]} Bc3 {[%clk 0:04:43]} 39. Ne4
{[%clk 0:03:13]} Be5 {[%clk 0:04:59]} 40. Nxf6+ {[%clk 0:03:29]} Rxf6
{[%clk 0:05:27]} 41. Rf2 {[%clk 0:01:08]} Kg7 {[%clk 0:02:25]} 42. Rhf1
{[%clk 0:01:06]} a5 {[%clk 0:02:46]} 43. f4 {[%clk 0:29:51]} Bc3 {[%clk 0:33:15]}
44. fxg5 {[%clk 0:29:19]} hxg5 {[%clk 0:32:26]} 45. Rxf6 {[%clk 0:28:32]} Bxf6
{[%clk 0:32:55]} 46. Rc1 {[%clk 0:19:55]} Bc3 {[%clk 0:27:44]} 47. Kf3
{[%clk 0:19:55]} c4 {[%clk 0:26:57]} 48. bxc4 {[%clk 0:20:08]} Bb2
{[%clk 0:26:59]} 49. Rb1 {[%clk 0:20:00]}
1-0

[Event "Landsturneringen 2017"]
[Site "Clarion Energy Hotel, Stavanger"]
[Date "2017.07.03"]
[Round "4"]
[White "Vestby-Ellingsen, Mads"]
[Black "Merkesvik, Sondre"]
[Result "1/2-1/2"]
[WhiteElo "2175"]
[BlackElo "2211"]
[PlyCount "61"]

1. d4 {[%clk 1:30:56]} Nf6 {[%clk 1:30:56]} 2. Nf3 {[%clk 1:31:17]} g6
{[%clk 1:31:24]} 3. Nbd2 {[%clk 1:31:34]} d5 {[%clk 1:30:42]} 4. b4
{[%clk 1:31:47]} Bg7 {[%clk 1:29:49]} 5. e3 {[%clk 1:32:03]} O-O {[%clk 1:29:59]}
6. Bb2 {[%clk 1:32:14]} b6 {[%clk 1:26:31]} 7. Be2 {[%clk 1:32:00]} c5
{[%clk 1:26:13]} 8. bxc5 {[%clk 1:30:23]} bxc5 {[%clk 1:26:39]} 9. c4
{[%clk 1:19:15]} cxd4 {[%clk 1:10:57]} 10. Nxd4 {[%clk 1:15:55]} Bb7
{[%clk 1:07:49]} 11. O-O {[%clk 1:15:26]} Nc6 {[%clk 1:06:38]} 12. Rc1
{[%clk 1:07:54]} Qd7 {[%clk 0:41:57]} 13. Nxc6 {[%clk 1:01:43]} Bxc6
{[%clk 0:41:30]} 14. Nf3 {[%clk 0:54:51]} Bb7 {[%clk 0:42:23]} 15. cxd5
{[%clk 0:40:11]} Bxd5 {[%clk 0:40:41]} 16. Bc4 {[%clk 0:38:55]} Rfd8
{[%clk 0:30:44]} 17. Bxd5 {[%clk 0:38:19]} Qxd5 {[%clk 0:31:02]} 18. Qa4
{[%clk 0:33:48]} e6 {[%clk 0:31:15]} 19. h3 {[%clk 0:32:51]} Qb7 {[%clk 0:26:49]}
20. Bd4 {[%clk 0:32:20]} Nd5 {[%clk 0:25:44]} 21. Rc2 {[%clk 0:28:09]} Nb6
{[%clk 0:06:51]} 22. Qa3 {[%clk 0:27:04]} Rac8 {[%clk 0:04:02]} 23. Rfc1
{[%clk 0:24:37]} Rxc2 {[%clk 0:03:15]} 24. Rxc2 {[%clk 0:25:00]} Bxd4
{[%clk 0:03:10]} 25. Nxd4 {[%clk 0:25:18]} Rc8 {[%clk 0:03:37]} 26. Rxc8+
{[%clk 0:21:51]} Nxc8 {[%clk 0:04:01]} 27. Qc5 {[%clk 0:20:07]} Nb6
{[%clk 0:02:48]} 28. Qb5 {[%clk 0:14:44]} Qd7 {[%clk 0:02:08]} 29. Qe5
{[%clk 0:11:45]} Qa4 {[%clk 0:02:03]} 30. Qb8+ {[%clk 0:09:22]} Kg7
{[%clk 0:02:32]} 31. Qe5+ {[%clk 0:08:59]}
1/2-1/2

[Event "Landsturneringen 2017"]
[Site "Clarion Energy Hotel, Stavanger"]
[Date "2017.07.03"]
[Round "4"]
[White "Nordquelle, Daniel"]
[Black "Kizatbay, Abyl"]
[Result "1-0"]
[WhiteElo "2047"]
[BlackElo "2127"]
[PlyCount "111"]

1. e4 {[%clk 1:30:57]} c5 {[%clk 1:30:11]} 2. Nc3 {[%clk 1:31:12]} a6
{[%clk 1:29:26]} 3. Nge2 {[%clk 1:30:36]} d6 {[%clk 1:24:58]} 4. g3
{[%clk 1:30:41]} b5 {[%clk 1:19:07]} 5. Bg2 {[%clk 1:28:31]} Bb7 {[%clk 1:17:06]}
6. O-O {[%clk 1:27:44]} Nf6 {[%clk 1:14:22]} 7. d4 {[%clk 1:20:33]} cxd4
{[%clk 1:07:26]} 8. Nxd4 {[%clk 1:20:33]} e6 {[%clk 0:59:18]} 9. a3
{[%clk 1:14:07]} Qc7 {[%clk 0:52:07]} 10. Kh1 {[%clk 0:52:49]} Be7
{[%clk 0:47:39]} 11. Be3 {[%clk 0:52:42]} O-O {[%clk 0:47:20]} 12. g4
{[%clk 0:50:04]} Nc6 {[%clk 0:42:09]} 13. g5 {[%clk 0:46:17]} Nd7
{[%clk 0:42:09]} 14. Nxc6 {[%clk 0:38:19]} Bxc6 {[%clk 0:27:40]} 15. f4
{[%clk 0:38:14]} f5 {[%clk 0:27:31]} 16. Ne2 {[%clk 0:33:15]} Qb7
{[%clk 0:22:05]} 17. Ng3 {[%clk 0:30:43]} Nc5 {[%clk 0:21:16]} 18. Bxc5
{[%clk 0:30:34]} dxc5 {[%clk 0:21:38]} 19. Qe2 {[%clk 0:29:53]} g6
{[%clk 0:15:45]} 20. Rad1 {[%clk 0:18:20]} Rad8 {[%clk 0:09:28]} 21. e5
{[%clk 0:17:50]} c4 {[%clk 0:07:51]} 22. Bxc6 {[%clk 0:16:14]} Qxc6+
{[%clk 0:08:13]} 23. Qg2 {[%clk 0:16:38]} Qxg2+ {[%clk 0:05:19]} 24. Kxg2
{[%clk 0:17:01]} Kf7 {[%clk 0:04:58]} 25. Ne2 {[%clk 0:16:48]} Bc5
{[%clk 0:05:03]} 26. Kf3 {[%clk 0:14:59]} Ke7 {[%clk 0:04:26]} 27. h4
{[%clk 0:13:04]} Rd5 {[%clk 0:02:17]} 28. Rxd5 {[%clk 0:13:03]} exd5
{[%clk 0:02:45]} 29. c3 {[%clk 0:13:03]} a5 {[%clk 0:02:59]} 30. h5
{[%clk 0:11:14]} b4 {[%clk 0:01:01]} 31. axb4 {[%clk 0:11:28]} axb4
{[%clk 0:01:30]} 32. Rd1 {[%clk 0:06:24]} bxc3 {[%clk 0:00:35]} 33. bxc3
{[%clk 0:06:47]} Rd8 {[%clk 0:00:33]} 34. hxg6 {[%clk 0:06:44]} hxg6
{[%clk 0:01:01]} 35. Rh1 {[%clk 0:07:00]} Rf8 {[%clk 0:00:39]} 36. Rh6
{[%clk 0:05:35]} Rg8 {[%clk 0:00:39]} 37. Rh7+ {[%clk 0:05:51]} Kd8
{[%clk 0:00:52]} 38. Rb7 {[%clk 0:05:52]} Kc8 {[%clk 0:00:34]} 39. Rb5
{[%clk 0:06:15]} Be7 {[%clk 0:00:35]} 40. Rxd5 {[%clk 0:06:09]} Rh8
{[%clk 0:00:33]} 41. Rd4 {[%clk 0:03:52]} Rh3+ 42. Ng3 {[%clk 0:35:03]} Rh2
{[%clk 0:24:33]} 43. Rxc4+ {[%clk 0:35:14]} Kb7 {[%clk 0:24:51]} 44. Rd4
{[%clk 0:31:35]} Bc5 {[%clk 0:24:24]} 45. Nxf5 {[%clk 0:15:59]} gxf5
{[%clk 0:19:31]} 46. Rd7+ {[%clk 0:15:01]} Kc6 {[%clk 0:12:55]} 47. Rf7
{[%clk 0:14:06]} Rh3+ {[%clk 0:10:12]} 48. Kg2 {[%clk 0:14:09]} Rxc3
{[%clk 0:10:01]} 49. Rxf5 {[%clk 0:10:57]} Kd7 {[%clk 0:08:16]} 50. g6
{[%clk 0:09:40]} Rc1 {[%clk 0:06:37]} 51. Kf3 {[%clk 0:08:11]} Ke7
{[%clk 0:03:34]} 52. Ke4 {[%clk 0:07:45]} Rg1 {[%clk 0:02:21]} 53. Rf7+
{[%clk 0:07:45]} Ke8 {[%clk 0:02:36]} 54. Kf5 {[%clk 0:07:54]} Be3
{[%clk 0:00:42]} 55. Rb7 {[%clk 0:08:00]} Kf8 {[%clk 0:00:31]} 56. Kf6
{[%clk 0:07:30]}
1-0

[Event "Landsturneringen 2017"]
[Site "Clarion Energy Hotel, Stavanger"]
[Date "2017.07.03"]
[Round "4"]
[White "Løbersli, Henrik Øie"]
[Black "Rødsmoen, Maud"]
[Result "1-0"]
[WhiteElo "2084"]
[BlackElo "1968"]
[PlyCount "95"]

1. d4 {[%clk 1:30:51]} Nf6 {[%clk 1:30:58]} 2. Bf4 {[%clk 1:30:47]} g6
{[%clk 1:29:21]} 3. Nc3 {[%clk 1:30:16]} d5 {[%clk 1:25:16]} 4. Qd2
{[%clk 1:30:09]} Bg7 {[%clk 1:23:21]} 5. Bh6 {[%clk 1:29:49]} O-O
{[%clk 1:22:27]} 6. Bxg7 {[%clk 1:29:39]} Kxg7 {[%clk 1:22:55]} 7. O-O-O
{[%clk 1:29:35]} c6 {[%clk 1:20:47]} 8. h4 {[%clk 1:27:23]} h5 {[%clk 1:14:26]}
9. f3 {[%clk 1:24:43]} Bf5 {[%clk 1:07:34]} 10. Re1 {[%clk 1:17:38]} c5
{[%clk 0:56:21]} 11. e4 {[%clk 1:14:51]} cxd4 {[%clk 0:47:07]} 12. Nxd5
{[%clk 1:11:02]} Nxd5 {[%clk 0:44:51]} 13. Qxd4+ {[%clk 1:10:51]} Kh7
{[%clk 0:39:44]} 14. Qxd5 {[%clk 1:07:19]} Qxd5 {[%clk 0:39:58]} 15. exd5
{[%clk 1:07:46]} Rc8 {[%clk 0:38:33]} 16. c3 {[%clk 1:03:13]} e6 {[%clk 0:38:33]}
17. dxe6 {[%clk 1:02:49]} Bxe6 {[%clk 0:38:55]} 18. Kb1 {[%clk 1:02:54]} Nc6
{[%clk 0:30:29]} 19. Bd3 {[%clk 0:51:14]} Rd8 {[%clk 0:29:49]} 20. Bc2
{[%clk 0:51:15]} Rd2 {[%clk 0:29:24]} 21. Re2 {[%clk 0:49:22]} Rad8
{[%clk 0:29:31]} 22. b3 {[%clk 0:47:33]} Rxe2 {[%clk 0:24:38]} 23. Nxe2
{[%clk 0:47:32]} Rd2 {[%clk 0:24:58]} 24. Re1 {[%clk 0:43:58]} Ne7
{[%clk 0:13:43]} 25. Kc1 {[%clk 0:43:41]} Rd6 {[%clk 0:14:10]} 26. Nd4
{[%clk 0:42:00]} Nf5 {[%clk 0:13:48]} 27. Bxf5 {[%clk 0:41:27]} gxf5
{[%clk 0:13:50]} 28. Kc2 {[%clk 0:36:37]} Kg6 {[%clk 0:08:58]} 29. Re5
{[%clk 0:32:20]} Kf6 {[%clk 0:06:36]} 30. f4 {[%clk 0:31:59]} Rd8
{[%clk 0:06:28]} 31. g3 {[%clk 0:31:54]} Rg8 {[%clk 0:06:09]} 32. Re3
{[%clk 0:31:23]} Bd5 {[%clk 0:05:05]} 33. c4 {[%clk 0:30:53]} Be4+
{[%clk 0:04:30]} 34. Kc3 {[%clk 0:31:17]} Rd8 {[%clk 0:04:12]} 35. b4
{[%clk 0:30:38]} Rd7 {[%clk 0:03:41]} 36. c5 {[%clk 0:29:34]} a6 {[%clk 0:03:07]}
37. a4 {[%clk 0:29:10]} Bc6 {[%clk 0:01:27]} 38. Nxc6 {[%clk 0:23:05]} bxc6
{[%clk 0:01:54]} 39. Kc4 {[%clk 0:23:29]} Rd1 {[%clk 0:01:34]} 40. b5
{[%clk 0:22:54]} axb5+ {[%clk 0:00:51]} 41. axb5 {[%clk 0:23:17]} Rc1+
{[%clk 0:26:51]} 42. Kb4 {[%clk 0:53:51]} Rb1+ {[%clk 0:25:56]} 43. Rb3
{[%clk 0:53:58]} Rxb3+ {[%clk 0:23:41]} 44. Kxb3 {[%clk 0:54:26]} Ke7
{[%clk 0:24:02]} 45. bxc6 {[%clk 0:52:02]} Kd8 {[%clk 0:24:25]} 46. Kc4
{[%clk 0:52:25]} Kc7 {[%clk 0:24:47]} 47. Kd5 {[%clk 0:52:12]} f6
{[%clk 0:25:06]} 48. Ke6 {[%clk 0:52:26]}
1-0

[Event "Landsturneringen 2017"]
[Site "Clarion Energy Hotel, Stavanger"]
[Date "2017.07.03"]
[Round "4"]
[White "Wadstensvik, Petter Andreas"]
[Black "Machlik, Edit"]
[Result "1/2-1/2"]
[WhiteElo "1809"]
[BlackElo "2084"]
[PlyCount "137"]
[EventDate "2017.??.??"]

1. d4 Nf6 2. Nf3 e6 3. Bf4 d5 4. e3 c5 5. c3 Bd6 6. Bxd6 Qxd6 7. Bd3 Nc6 8.
Nbd2 O-O 9. O-O e5 10. dxe5 Nxe5 11. Nxe5 Qxe5 12. c4 Rd8 13. Qc2 b6 14. Rad1
Bb7 15. Nf3 Qe7 16. cxd5 Bxd5 17. Be2 h6 18. h3 Ne4 19. a3 Rac8 20. Bc4 Bxc4
21. Qxc4 Nd6 22. Qc2 b5 23. Rd5 Qe4 24. Qxe4 Nxe4 25. Re5 Nd2 26. Rc1 Nc4 27.
Re7 Nxb2 28. Rxa7 Nd3 29. Rc3 b4 30. axb4 cxb4 31. Rb3 Rc1+ 32. Kh2 Rc4 33. Rb7
Rc1 34. Ra7 Rc4 35. Rb7 Rcc8 36. Rb6 Nxf2 37. R6xb4 Rf8 38. Nd4 Ne4 39. Nb5 Rc2
40. Rb2 Rxb2 41. Rxb2 Rb8 42. Rb3 Nd2 43. Rd3 Nf1+ 44. Kg1 Nxe3 45. Rxe3 Rxb5
46. Kh2 f5 47. h4 Kf7 48. Kh3 Kf6 49. g3 Rb2 50. Ra3 g5 51. Ra6+ Kg7 52. Ra7+
Kg6 53. Ra6+ Kh5 54. hxg5 hxg5 55. g4+ fxg4+ 56. Kg3 Rb3+ 57. Kg2 Rb2+ 58. Kg3
Rb3+ 59. Kg2 g3 60. Kh3 g4+ 61. Kg2 Kg5 62. Ra8 Rf3 63. Rg8+ Kf5 64. Rf8+ Ke4
65. Re8+ Kf4 66. Rf8+ Kg5 67. Rxf3 gxf3+ 68. Kxg3 Kf5 69. Kxf3
1/2-1/2

[Event "Landsturneringen 2017"]
[Site "Clarion Energy Hotel, Stavanger"]
[Date "2017.07.03"]
[Round "4"]
[White "Fossan, Andreas"]
[Black "Nilsen, Martin"]
[Result "1/2-1/2"]
[WhiteElo "1998"]
[BlackElo "2080"]
[PlyCount "50"]

1. d4 {[%clk 1:30:58]} Nf6 {[%clk 1:30:48]} 2. c4 {[%clk 1:31:15]} e6
{[%clk 1:31:14]} 3. Nc3 {[%clk 1:31:33]} Bb4 {[%clk 1:31:41]} 4. e3
{[%clk 1:30:18]} O-O {[%clk 1:31:24]} 5. Nge2 {[%clk 1:30:36]} d5
{[%clk 1:31:23]} 6. a3 {[%clk 1:30:10]} Be7 {[%clk 1:31:14]} 7. cxd5
{[%clk 1:22:26]} exd5 {[%clk 1:30:51]} 8. Nf4 {[%clk 1:22:07]} c6
{[%clk 1:30:53]} 9. Bd3 {[%clk 1:21:40]} Na6 {[%clk 1:28:38]} 10. O-O
{[%clk 1:19:57]} Nc7 {[%clk 1:27:01]} 11. b4 {[%clk 1:12:00]} Ne6
{[%clk 1:01:09]} 12. Nce2 {[%clk 1:02:55]} Bd6 {[%clk 0:59:53]} 13. f3
{[%clk 0:51:32]} Qc7 {[%clk 0:58:32]} 14. g3 {[%clk 0:29:26]} Ng5
{[%clk 0:43:44]} 15. Qc2 {[%clk 0:27:21]} Re8 {[%clk 0:38:51]} 16. Bd2
{[%clk 0:23:45]} Bd7 {[%clk 0:35:44]} 17. Rac1 {[%clk 0:23:13]} Rac8
{[%clk 0:29:42]} 18. Kh1 {[%clk 0:22:03]} Qd8 {[%clk 0:25:10]} 19. Qb1
{[%clk 0:19:16]} Qe7 {[%clk 0:23:39]} 20. Nc3 {[%clk 0:16:52]} Rb8
{[%clk 0:15:31]} 21. Rce1 {[%clk 0:16:08]} Ne6 {[%clk 0:11:20]} 22. Nce2
{[%clk 0:14:07]} Nf8 {[%clk 0:07:23]} 23. Nc3 {[%clk 0:11:49]} Ne6
{[%clk 0:07:09]} 24. Nce2 {[%clk 0:10:47]} Nf8 {[%clk 0:04:34]} 25. Nc3
{[%clk 0:07:40]} Ne6 {[%clk 0:00:57]}
1/2-1/2

[Event "Landsturneringen 2017"]
[Site "Clarion Energy Hotel, Stavanger"]
[Date "2017.07.03"]
[Round "4"]
[White "Lund, Gunnar"]
[Black "Saltvedt, Martin"]
[Result "1/2-1/2"]
[WhiteElo "2051"]
[BlackElo "2046"]
[PlyCount "37"]

1. e4 {[%clk 1:30:43]} c6 {[%clk 1:30:46]} 2. d4 {[%clk 1:30:58]} d5
{[%clk 1:31:10]} 3. Nd2 {[%clk 1:31:07]} dxe4 {[%clk 1:30:40]} 4. Nxe4
{[%clk 1:31:30]} Bf5 {[%clk 1:31:06]} 5. Ng3 {[%clk 1:31:50]} Bg6
{[%clk 1:31:31]} 6. Nf3 {[%clk 1:31:50]} Nf6 {[%clk 1:31:47]} 7. Ne5
{[%clk 1:28:53]} Nbd7 {[%clk 1:31:17]} 8. Nxg6 {[%clk 1:28:57]} hxg6
{[%clk 1:31:40]} 9. Be2 {[%clk 1:26:16]} Qa5+ {[%clk 1:31:04]} 10. c3
{[%clk 1:25:19]} e6 {[%clk 1:31:21]} 11. O-O {[%clk 1:23:48]} Bd6
{[%clk 1:31:32]} 12. Bd2 {[%clk 1:12:28]} Qc7 {[%clk 1:26:07]} 13. c4
{[%clk 1:11:40]} c5 {[%clk 1:24:34]} 14. Be3 {[%clk 1:06:01]} Rd8
{[%clk 1:18:39]} 15. Qc2 {[%clk 0:59:24]} Nh5 {[%clk 1:07:33]} 16. dxc5
{[%clk 0:52:26]} Nxc5 {[%clk 0:48:25]} 17. Bxc5 {[%clk 0:51:07]} Nxg3
{[%clk 0:47:45]} 18. Bxd6 {[%clk 0:43:37]} Nxe2+ {[%clk 0:47:14]} 19. Qxe2
{[%clk 0:44:00]}
1/2-1/2

[Event "Landsturneringen 2017"]
[Site "Clarion Energy Hotel, Stavanger"]
[Date "2017.07.03"]
[Round "4"]
[White "Kizatbay, Alseit"]
[Black "Machlik, Monika"]
[Result "0-1"]
[WhiteElo "1952"]
[BlackElo "2049"]
[PlyCount "80"]
[EventDate "2017.??.??"]

1. e4 c6 2. d4 d5 3. e5 Bf5 4. Nf3 e6 5. a3 c5 6. Bb5+ Nc6 7. O-O Bg4 8. dxc5
Bxc5 9. c3 Nge7 10. b4 Bb6 11. Nbd2 O-O 12. h3 Bh5 13. g4 Bg6 14. Bb2 Rc8 15.
Re1 Bxf2+ 16. Kxf2 Qb6+ 17. Re3 Qxb5 18. a4 Qb6 19. Qe2 d4 20. cxd4 Nxb4 21. a5
Nd3+ 22. Rxd3 Qxb2 23. Rda3 Nd5 24. h4 Nc3 25. Qe3 Qxa3 26. Rxa3 Nd1+ 27. Ke2
Nxe3 28. Kxe3 h6 29. h5 Bh7 30. g5 hxg5 31. Nxg5 Rc6 32. Nge4 Bxe4 33. Nxe4
Rfc8 34. Kf4 Rc1 35. Rb3 R8c7 36. Nc5 Rc4 37. Nxb7 Rxd4+ 38. Ke3 Rh4 39. Rb5
Rc3+ 40. Kd2 Rg3
0-1

[Event "Landsturneringen 2017"]
[Site "Clarion Energy Hotel, Stavanger"]
[Date "2017.07.03"]
[Round "4"]
[White "Kyrkjebø, Marte B"]
[Black "Kyrkjebø, Hanna B"]
[Result "1/2-1/2"]
[WhiteElo "1833"]
[BlackElo "1923"]
[PlyCount "32"]
[EventDate "2017.??.??"]

1. c4 c5 2. Nc3 Nc6 3. g3 g6 4. Bg2 Bg7 5. d3 d6 6. Nf3 Nf6 7. O-O O-O 8. Rb1
Rb8 9. a3 a6 10. b4 cxb4 11. axb4 b5 12. cxb5 axb5 13. Bd2 Bd7 14. Qb3 Be6 15.
Qd1 Bd7 16. Qc2 Qb6
1/2-1/2

[Event "Landsturneringen 2017"]
[Site "Clarion Energy Hotel, Stavanger"]
[Date "2017.07.03"]
[Round "4"]
[White "Grønn, Eskil Ekeland"]
[Black "Jarve, Edvin"]
[Result "1-0"]
[WhiteElo "1914"]
[BlackElo "1843"]
[PlyCount "101"]
[EventDate "2017.??.??"]

1. d4 Nf6 2. Nf3 d5 3. e3 c5 4. b3 Nc6 5. Bb2 Bg4 6. Bd3 cxd4 7. exd4 e6 8. O-O
Bd6 9. Nbd2 O-O 10. h3 Bh5 11. g4 Bg6 12. Ne5 Bxd3 13. cxd3 Nd7 14. Qe2 Rc8 15.
f4 Ndxe5 16. dxe5 Bc5+ 17. Kh2 Bd4 18. Bxd4 Nxd4 19. Qf2 Qa5 20. Qxd4 Qxd2+ 21.
Rf2 Qc3 22. Qxc3 Rxc3 23. Rd1 Rfc8 24. Kg3 Kf8 25. f5 Rc2 26. Rdd2 Rxd2 27.
Rxd2 Ke7 28. Kf4 Rc1 29. Rf2 h6 30. Kg3 Rd1 31. f6+ gxf6 32. exf6+ Kf8 33. Rc2
Rxd3+ 34. Kh4 Kg8 35. Rc7 d4 36. Rxb7 Re3 37. Rxa7 d3 38. Rd7 Re2 39. Kh5 Re5+
40. Kxh6 Rd5 41. Rc7 Rd8 42. Rc1 d2 43. Rd1 Rd4 44. a4 e5 45. Kg5 Kh7 46. a5 e4
47. Kf4 Rd3 48. Kxe4 Rxb3 49. Rxd2 Ra3 50. Rd5 Rxh3 51. Rh5+
1-0

[Event "Landsturneringen 2017"]
[Site "Clarion Energy Hotel, Stavanger"]
[Date "2017.07.03"]
[Round "4"]
[White "Fossan, Benjamin"]
[Black "Olsen, Ulrik"]
[Result "1/2-1/2"]
[WhiteElo "1855"]
[BlackElo "1913"]
[PlyCount "31"]
[EventDate "2017.??.??"]

1. e4 e5 2. Nf3 Nc6 3. Bc4 Be7 4. d4 exd4 5. Nxd4 d6 6. O-O Nxd4 7. Qxd4 Bf6 8.
Qd3 Ne7 9. Nc3 O-O 10. Nd5 Nxd5 11. exd5 g6 12. c3 Bf5 13. Qf3 Re8 14. Bd3 Bxd3
15. Qxd3 Bg5 16. Bxg5
1/2-1/2

[Event "Landsturneringen 2017"]
[Site "Clarion Energy Hotel, Stavanger"]
[Date "2017.07.03"]
[Round "4"]
[White "Pettersen, Johan"]
[Black "Kjærås, Alf Marius"]
[Result "0-1"]
[WhiteElo "1896"]
[BlackElo "1713"]
[PlyCount "78"]
[EventDate "2017.??.??"]

1. e4 c5 2. Nf3 d6 3. c3 Nf6 4. Be2 g6 5. O-O Bg7 6. Re1 O-O 7. Bf1 Nc6 8. h3
a6 9. d4 cxd4 10. cxd4 b5 11. a3 d5 12. Nc3 dxe4 13. d5 Nxd5 14. Nxd5 exf3 15.
Qxf3 e6 16. Nb4 Nxb4 17. axb4 Bd7 18. Rd1 Qc8 19. Rd6 Be5 20. Bh6 Bxd6 21. Qf6
Be5 22. Qxe5 f6 23. Qd6 Rf7 24. Rc1 Qb8 25. Qd4 Qb7 26. Qd6 Rc8 27. Rd1 Qc6 28.
Qg3 Qc7 29. Rd6 e5 30. Qd3 Bf5 31. Qd5 Be4 32. Qd2 Bc6 33. Be2 Rd7 34. Rxd7
Qxd7 35. Qc3 Bxg2 36. Qb3+ Bd5 37. Qd3 Be6 38. Qf3 Qf7 39. h4 g5
0-1

[Event "Landsturneringen 2017"]
[Site "Clarion Energy Hotel, Stavanger"]
[Date "2017.07.03"]
[Round "4"]
[White "Næss, Sara"]
[Black "Greibrokk, Ingrid"]
[Result "0-1"]
[WhiteElo "1786"]
[BlackElo "1868"]
[PlyCount "44"]
[EventDate "2017.??.??"]

1. e4 e5 2. Nf3 Nc6 3. Bb5 Nge7 4. O-O g6 5. d4 exd4 6. Nxd4 Bg7 7. c3 O-O 8.
f4 Nxd4 9. cxd4 c6 10. Ba4 Qb6 11. e5 Nf5 12. Kh1 Qxd4 13. g4 Qe4+ 14. Qf3
Qxf3+ 15. Rxf3 Nh6 16. h3 b5 17. Bc2 Bb7 18. Kh2 f6 19. exf6 Bxf6 20. Rd3 d5
21. Nc3 Rae8 22. a3 d4
0-1

[Event "Landsturneringen 2017"]
[Site "Clarion Energy Hotel, Stavanger"]
[Date "2017.07.03"]
[Round "4"]
[White "Skjølås, Erling Dyrhaug"]
[Black "Keadana, Amir"]
[Result "1/2-1/2"]
[WhiteElo "1837"]
[BlackElo "1829"]
[PlyCount "72"]
[EventDate "2017.??.??"]

1. c4 Nf6 2. g3 g6 3. Bg2 d5 4. cxd5 Nxd5 5. d4 Bg7 6. Nc3 Nxc3 7. bxc3 O-O 8.
e4 c5 9. Ne2 Nc6 10. d5 Ne5 11. f4 Nc4 12. Qb3 Nd6 13. e5 Nf5 14. O-O h5 15. c4
b6 16. Be3 h4 17. Bf2 h3 18. Bxh3 Nd4 19. Nxd4 Bxh3 20. Nc6 Qc7 21. Rfe1 Rfe8
22. Rad1 Bd7 23. Nxe7+ Kh7 24. d6 Qb7 25. Bxc5 Qa6 26. Bf2 Ba4 27. Qa3 Bf8 28.
Nd5 Rec8 29. Nb4 Qa5 30. Rd5 Rc5 31. Bxc5 bxc5 32. Nd3 Rb8 33. Rxc5 Qd2 34.
Qxa4 Rb2 35. Nxb2 Qxe1+ 36. Kg2 Qe2+
1/2-1/2